Biblioteca

Cómo perdonar ... Cuando no lo sientes / June Hunt (Registro nro. 44404)

Detalles MARC
000 -LÍDER
Campo fijo de descripción fija 009120000a22001930004500
020 ## - NÚMERO INTERNACIONAL NORMALIZADO PARA LIBROS
Número Internacional Normalizado del libro 978-958-8219-54-3
082 04 - NÚMERO DE CLASIFICACIÓN DECIMAL DEWEY
Número de clasificación G 234.5 H9391c
001 - NÚMERO DE CONTROL
Campo de control 17909
100 1# - ASIENTO PRINCIPAL--NOMBRE PERSONAL
Nombre personal Hunt, June
245 10 - TÍTULO
Título del Material Cómo perdonar ... Cuando no lo sientes / June Hunt
300 ## - DESCRIPCIÓN FÍSICA
Extensión 236 p.
336 ## - CONTENT TYPE
Content type term texto
Content type code txt
Source rdacontent
337 ## - MEDIA TYPE
Source rdamedia
Media type term sin mediación
Media type code n
338 ## - CARRIER TYPE
Source rdacarrier
Carrier type term volumen
Carrier type code nc
500 ## - NOTA GENERAL
Nota General Título original: How to forgive... when you don't feel like it
505 00 - NOTA DE CONTENIDO
Nota de contenido con formato preestablecido "¿Cuál padre le da una piedra a su hijo?": amor extraordinario, perdón extraordinario -- Lo que es el perdón, y lo que no es -- Elegir el perdón por encima de los sentimientos -- Las cuatro etapas del perdón -- Una cosa es el perdón, y otra la reconciliación -- Cuando la persona a quien necesitas perdonar eres tú mismo
650 14 - ASIENTO SECUNDARIO DE MATERIA - TERMINO TEMÁTICO
Término temático o nombre geográfico como elemento de entrada PERDON \ RECONCILIACION \ PERDON DE LOS PECADOS \ PERDON - CRISTIANISMO
942 ## - TIPO DE MATERIAL (KOHA)
Tipo de Item KOHA Libros General
Existencias
Estado de Material Estado de Perdido Estado de Dañado No para Préstamo Colección Tomo Biblioteca de Origen Biblioteca Permanente Fecha de Adquisición Total de Préstamos Signatura Topográfica Código de Barras Última vez visto Ejemplar/Existencia Fecha de Remplazo Tipo de Material
        Colección General   Biblioteca FUSBC Biblioteca FUSBC 04/03/2013   G 234.5 H9391c 15950 12/12/2019 1 26/01/2016 Libros General

Biblioteca FUSBC | Teléfono: (57+4) 349 88 10 Ext. 141| WhatsApp (+57) 3005338115 
E-mail: biblioteca@unisbc.edu.co | Calle 76 87-14 Robledo Palenque, Medellín, Colombia

Con tecnología Koha